000 00616nam a2200145 a 4500
008 080109s1960 ||||||||||||||||| || u
050 _aGOV.ZAM(02)1960/1
100 _aKeir, David Lindsay, Sir
245 1 2 _aA Survey of technical and commercial education in Northern Rhodesia: Keir Committee Report
_cUnder the Chairmanship of Sir David Lindsay Keir.
260 _aKitwe
_bGRZ
_c1960
300 _a72p. : ill.
350 _a0.00
650 _aTECHNICAL EDUCATION--ZAMBIA
995 _D0.00
_FCBU-MAIN LIBRARY (Kitwe)
_H1
_I0.00
_M1
_UAVAILABLE
_ZZambiana Collection
999 _c59174
_d59174